| 000 | 00558 a2200181 4500 | ||
|---|---|---|---|
| 001 | 066181 | ||
| 003 | OSt | ||
| 005 | 20210915150938.0 | ||
| 008 | |||
| 082 |
_a512.9434 _bD26M |
||
| 100 | 1 | _aDatta, Kanti Bhushan | |
| 245 | 1 |
_aMatrix and linear algebra _cby Kanti Bhushan Datta |
|
| 250 | _a2nd ed. | ||
| 260 |
_aNew Delhi _bPHI _c2008 |
||
| 300 | _a619p. | ||
| 690 | _aMatrices; Trigonometry; Vector algebra; Equations, Quadratic; Integral operators; Inverse problems (Differential equations); Algebra | ||
| 942 |
_2ddc _cBK |
||
| 999 |
_c359 _d359 |
||